000 00661nam a2200277Ia 4500
005 20260121124516.0
008 008 260114s9999 xx 000 0 eng d
020 _a9781503629608
037 _aEBOOK
040 _aCRL
040 _beng
040 _cCRL
041 _2eng
041 _aeng
084 _qCRL
100 _aKleinberg, Ethan
_9977194
245 0 _aEmmanuel Levinass Talmudic Turn
260 _bWalter de Gruyter
260 _bWalter de Gruyter
260 _c2021
650 _aPhilosophy
_9977195
856 _uhttp://www.degruyter.com/isbn/9781503629608
942 _cEBOOK
999 _c1555115
_d1555115